Planetary King: Humayun Padshah Inventor And Visionary On The Mughal Throne (Record no. 356040)

MARC details
000 -LEADER
fixed length control field 00630nam a22001817a 4500
005 - DATE AND TIME OF LATEST TRANSACTION
control field 20230904091020.0
008 - FIXED-LENGTH DATA ELEMENTS--GENERAL INFORMATION
fixed length control field 230904b |||||||| |||| 00| 0 eng d
020 ## - INTERNATIONAL STANDARD BOOK NUMBER
International Standard Book Number 9789385 360985
041 ## - LANGUAGE CODE
Language code of text/sound track or separate title eng
082 ## - DEWEY DECIMAL CLASSIFICATION NUMBER
Classification number 720.92
Item number KOC
100 ## - MAIN ENTRY--PERSONAL NAME
Author Koch E
245 ## - TITLE STATEMENT
Title Planetary King: Humayun Padshah Inventor And Visionary On The Mughal Throne
260 ## - PUBLICATION, DISTRIBUTION, ETC.
Place of publication, distribution, etc. Ahmedabad
Name of publisher, distributor, etc. Mapin Publishing
Date of publication, distribution, etc. 2022
300 ## - PHYSICAL DESCRIPTION
Extent 384p
Other physical details Hb
Dimensions 31 x 25
365 ## - TRADE PRICE
Price type code INR
Price amount 2488.50
Currency code Rupaye
500 ## - GENERAL NOTE
Keywords The Plsnetary Kng Assements Of Humahun Humayun's Life<br/>Humahun's Inventions<br/>Humahun's Tomp: Invention And Memorial Of The Padshah<br/>
942 ## - ADDED ENTRY ELEMENTS (KOHA)
Koha item type Books
Holdings
Withdrawn status Lost status Source of classification or shelving scheme Damaged status Not for loan Collection code Home library Current library Date acquired Vendor Budget Code Net Price Bill number Full call number Barcode Date last seen Discount Actual Price Bill Date Koha item type Original Barcode
    Dewey Decimal Classification     Book of Digital Architecture Dr. Bhanuben Nanavati College of Architecture Dr. Bhanuben Nanavati College of Architecture 04/09/2023 Word Book Shop B Arch 2488.50 967 720.92 KOC BNCA-BK-12309 04/09/2023 37% 3950.00 28/08/2023 Reference book BK12309